000 00603nam a22001937a 4500
999 _c1532
_d1532
003 AR-CdUCM
008 190227b ||||| |||| 00| 0 spa d
040 _aMUNICIPALIDAD PROVINCIAL DEL CUSCO
_cBIBLIOTECA MUNICIPAL DEL CUSCO
082 _23ra
_a129 /
_bOR73
100 _aOrtega y Gasset, José
_95772
245 _aMeditaciones del Quijote :
_bE Ideas sobre la Novela /
260 _aEspaña :
_bRevista de Occidente ;
_c1956.
300 _a191 páginas
_c18cm
440 _aEl Arquero
_95773
505 _aLiteratura
650 _aLiteratura
_983
942 _2ddc
_cLIBROS
945 _anom
_d2019-02-27